Real or Fake Country #2 - Statistics

General Stats
  • This quiz has been taken 141 times
  • The average score is 44 of 50
Answer Stats
Question Tile Select % Correct
the countries that are real. Dahomey No
97%
the countries that are real. Solomon Islands Yes
97%
the countries that are real. South Ossetia No
97%
the countries that are real. Algeirs No
96%
the countries that are real. Costa Rica Yes
96%
the countries that are real. Maldivian Federation No
96%
the countries that are real. East African Federation No
95%
the countries that are real. Ethiopia Yes
95%
the countries that are real. Green Libya No
95%
the countries that are real. Mongolia Yes
95%
the countries that are real. North Vietnam No
95%
the countries that are real. Sweden Yes
95%
the countries that are real. Afghanistan Yes
94%
the countries that are real. Iran Yes
94%
the countries that are real. Java No
94%
the countries that are real. Tunisia Yes
94%
the countries that are real. Turkey Yes
94%
the countries that are real. Arabia No
93%
the countries that are real. Marshall No
93%
the countries that are real. Mayotte No
93%
the countries that are real. Wyoming No
93%
the countries that are real. Montenegro Yes
92%
the countries that are real. Syria Yes
92%
the countries that are real. Kosovo Yes
91%
the countries that are real. Kyrgyzstan Yes
91%
the countries that are real. Lao No
91%
the countries that are real. Saudi Arabia Yes
91%
the countries that are real. Tunisia Yes
91%
the countries that are real. Hawaii No
90%
the countries that are real. Congo Federation No
88%
the countries that are real. Equatorial Guinea Yes
88%
the countries that are real. North Sudan No
88%
the countries that are real. Dominica Yes
87%
the countries that are real. Somaliland No
87%
the countries that are real. Southern African Republic No
86%
the countries that are real. Togo Yes
86%
the countries that are real. Western Sahara No
86%
the countries that are real. Czechoslovakia No
84%
the countries that are real. Guam No
83%
the countries that are real. Grenada Yes
81%
the countries that are real. French Guiana No
80%
the countries that are real. Bermuda No
79%
the countries that are real. Dominicana No
79%
the countries that are real. Palestine No
78%
the countries that are real. Northern Ireland No
74%
the countries that are real. Puerto Rico No
74%
the countries that are real. Papua New Guyana No
73%
the countries that are real. England No
70%
the countries that are real. Scotland No
70%
the countries that are real. Saint Nevis and Kitts No
53%
No matching quizzes found
Score Distribution
Percent of People with Each Score
Percentile by Number Answered
Your Score History
You have not taken this quiz